<The> Statistical methods applied in the national economy of Iraq kandidátska dizertačná práca

Guardado en:
Detalles Bibliográficos
Autor principal: Shoman, Abdul Lalif
Autor Corporativo: Vysoká škola ekonomická v Bratislave. Fakulta riadenia
Otros Autores: Kovačka, Milan
Formato: Libro
Lenguaje:inglés
Publicado: Bratislava 1982
Etiquetas: Agregar Etiqueta
Sin Etiquetas, Sea el primero en etiquetar este registro!

MARC

LEADER 00000nam a2200000 4500
001 c127242
005 20230116083051.5
041 0 |a eng 
044 |a SK 
245 1 0 |a <The> Statistical methods applied in the national economy of Iraq  |b kandidátska dizertačná práca  |c Abdul Lalif Shoman ; Ved. Milan Kovačka 
264 1 |a Bratislava  |c 1982 
300 |a 252 s. 
100 1 |a Shoman, Abdul Lalif 
700 1 |a Kovačka, Milan 
710 2 |a Vysoká škola ekonomická v Bratislave. Fakulta riadenia